[Event "EU-ch 2nd"]
[Site "Ohrid"]
[Date "2001.06.11"]
[Round "10"]
[White "Azmaiparashvili, Zurab"]
[Black "Nevednichy, Vladislav"]
[Result "1-0"]
[WhiteElo "2670"]
[BlackElo "2563"]
[Annotator "Tsesarsky,I"]
[PlyCount "107"]
[EventDate "2001.06.01"]
[EventType "swiss"]
[EventRounds "13"]
[EventCountry "YUG"]
[SourceTitle "CBM 084"]
[Source "ChessBase"]
[SourceDate "2001.09.13"]
[SourceVersion "1"]
[SourceVersionDate "2001.09.13"]
[SourceQuality "1"]

1. g3 g6 2. Bg2 Bg7 3. d4 Nf6 4. e4 d6 5. Ne2 O-O 6. O-O e5 7. h3 {Now the
game is transforming to Pirz variation.} ({Worth of attention} 7. c4 $5 {
[%cal Gb1c3]}) 7... exd4 8. Nxd4 Re8 $11 ({Another mainlines are} 8... Nc6) (
8... Nbd7) (8... b6) ({and} 8... c6) 9. Nc3 {It is necessary to note the fact,
Azmaiparashvili plays Pirz variation very often and succesfully by Black. Now
he had to play "against himself", and he didn't reach an advantage!} a6 {
Another various possibilities are also reliable:} (9... c6 10. a4 (10. Bf4 Qe7
11. Qd2 Nbd7 12. Rad1 Ne5 13. b3 $132 {Rest unleserlich; 1:O im 41.Zug. 1-0
Autenrieth,M-Loschinski,D/Germany 1993/EXT 99 (31)}) 10... a5 11. Bf4 Nh5 12.
Be3 Na6 13. Re1 Nf6 14. f4 Qc7 $132 {1/2-1/2 Vassallo,M-Elguezabal Varela,D/
Barcelona 2000/CBM 77 ext (19)}) (9... Na6 10. Nb3 Nb4 (10... Rb8 11. Re1 b6
12. Nd5 Nd7 13. c3 Bb7 14. Be3 c6 15. Nf4 Nf6 16. Qc2 $132 {0-1 Roeder,
G-Movsziszian,K/Bad Woerishofen 1997/EXT 2000 (43)}) 11. Bg5 h6 12. Be3 a5 13.
Qd2 Kh7 14. Rad1 Bd7 15. Nd4 Nc6 $132 {1-0 Ljubojevic,L-Jhunjhnuwala,K/Luzern
1982/EXT 97-B (42)}) (9... Nc6 10. Nde2 Bd7 11. Nf4 Qc8 12. Kh2 Re5 13. Re1 b5
$132 {1-0 Urban,K-Czerwonski,A/Police 1993/EXT 98 (27)}) (9... Bd7 10. Bg5 Qc8
(10... Nc6 11. Nde2 h6 12. Be3 Ne5 13. b3 $132 {1-0 Tobak,A-Lukinov,P/Koszalin
1998/EXT 99 (25)}) 11. Kh2 Nc6 12. Nb3 b5 13. Nd2 Rb8 {ZÜ.. 0-1 Lange,S-Korth,
U/GER 1998/EXT 2001 (35)}) 10. Re1 ({Or} 10. Be3 Bd7 11. g4 Nc6 12. Nde2 Ne5
13. b3 Nc6 (13... Nfxg4 $2 14. hxg4 Nxg4 15. Bf4 $16 {1-0 Paulsen,D-Hoerstmann,
R/Germany 1999/GER-chT2 (20)}) 14. Qd2 h5 15. g5 Nh7 16. f4 f6 $132) 10... c5
$6 $14 {[%csl Rd6]} ({Much better was} 10... Bd7 $132 {[%cal Gb8c6]}) 11. Nf3
Nc6 (11... b5 $5 12. e5 $1 dxe5 13. Qxd8 Rxd8 14. Nxe5 Ra7 15. Bg5 h6 16. Rad1
Rxd1 17. Rxd1 Nfd7 18. Bf4 Nxe5 19. Rd8+ Kh7 20. Rxc8 $14) 12. Bf4 {[%csl Rd6]}
Nd4 $6 $16 (12... Bf8 $142 13. Qd2 $14 {[%csl Rd6][%cal Ga1d1,Gd1d6]}) 13. Nxd4
cxd4 14. Qxd4 Nxe4 $8 15. Qe3 $1 {[%cal Ge1e8]} ({Worse is} 15. Qb4 $2 a5 $5 (
15... Nxc3 $5 16. bxc3 Be6 $132) 16. Qb5 Bd7 17. Qxb7 Rb8 18. Qd5 Nxc3 19. bxc3
Bxc3 20. Rxe8+ Qxe8 $132 {and Black equalizes.}) 15... Bf5 ({Or} 15... Bxc3 16.
bxc3 d5 17. c4 $16) 16. Nxe4 Bxe4 17. Bxe4 d5 18. Rad1 $2 $132 {Inaccuracy!} ({
Right was} 18. Qb3 $1 {and White leaves with advantage:} dxe4 (18... Rxe4 19.
Qxb7 Qe8 20. Rxe4 $16) 19. Qxb7 Qc8 (19... Re7 20. Qb3 Qc8 21. Qd5 (21. c3 Qxh3
$132) 21... Bxb2 22. Rab1 Bg7 23. Rxe4 $16) 20. Qxc8 Rexc8 21. c3 f5 $16) 18...
Rxe4 19. Qxe4 dxe4 20. Rxd8+ Rxd8 21. Rxe4 Bxb2 22. Rb4 Bd4 $2 $16 {Terrible
mistake!} ({Black overlooked very strong tactical reply} 22... Bc1 $1 23. Rxb7
(23. Bxc1 Rd1+ 24. Kg2 Rxc1 $11) (23. Bc7 Rd1+ 24. Kg2 b5 $11) 23... Bxf4 24.
gxf4 Rd4 $11) 23. Rxb7 Rc8 24. Rd7 (24. Bc7 Re8 25. Kf1 $16) 24... Bf6 25. Rd6
Kg7 26. Rxa6 Rxc2 27. Be3 {White has whole P over and must win. It can take,
therefore, a lot of time.} Rc4 28. Rd6 {White must avoid BB exchange if his R
is not behind of pass Pa.} ({Badly is} 28. a4 $2 Bd4 $1 29. Bxd4+ Rxd4 30. a5
Ra4 $44) 28... Ra4 29. Rd2 h5 30. Kf1 (30. h4 $16) 30... g5 31. Rc2 Kg6 32. Bc5
{[%cal Ga2a3]} Be5 33. a3 Ra6 34. Ra2 Ra4 35. Bb4 Kf5 36. Ke2 Ke4 37. f3+ Kd5
38. g4 {[%csl Rg5]} hxg4 39. hxg4 Ra8 (39... Kc4 40. Rc2+ Kb3 41. Rc5 f6 42.
Rc6 $16 {[%csl Rf6,Rg5][%cal Ge2d3,Gd3e4]}) 40. Kd3 Rh8 41. Rc2 f6 42. Rc5+ Ke6
43. a4 Rd8+ 44. Ke2 ({White must win also after} 44. Kc4 Rd4+ 45. Kb5 Rd3 (
45... Bd6 46. Rc4 Rd5+ 47. Kc6 Rd3 48. Rc3 Rd4 49. Bxd6 $18) 46. a5 Rxf3 47. a6
Rh3 48. Rc8 Bd4 49. Kc4 Bg1 50. Bc5 (50. Re8+ Kd7 51. a7 Bxa7 52. Re7+ Kc6 53.
Rxa7 Rg3 $44) 50... Bxc5 51. Rxc5 Ra3 52. Kb5 Kd6 53. Rf5 Kc7 54. Rxf6 Rb3+ (
54... Rg3 55. Rf8 $18) 55. Kc5 Rc3+ 56. Kd5 Rg3 57. a7 Kb7 58. Ra6 Ka8 59. Ra4
Re3 60. Re4 $1 $18 {[%csl Ra8,Rg5]}) 44... Rd4 45. Rb5 Rc4 46. a5 Rc2+ 47. Kd3
Rf2 48. a6 Rxf3+ 49. Kc4 Rf4+ 50. Kb3 Rf3+ 51. Ka4 Rh3 (51... Bd4 52. Bc5 Bxc5
53. Rxc5 $18 {We already have seen position like this in commentaries to 44
move - see above.} Rf1 54. Ra5 Ra1+ 55. Kb4 Rb1+ 56. Kc5 Rc1+ 57. Kb6 Rb1+ 58.
Kc6 Rc1+ 59. Rc5 Ra1 60. Kb6 $18) 52. a7 Rh8 53. Ka5 Kd7 (53... Ra8 54. Kb6 $18
) 54. Ka6 1-0

[Event "Moscow Aeroflot op"]
[Site "Moscow"]
[Date "2002.02.10"]
[Round "9"]
[White "Milov, Vadim"]
[Black "Tkachiev, Vladislav"]
[Result "1-0"]
[WhiteElo "2595"]
[BlackElo "2634"]
[Annotator "Tsesarsky,I"]
[PlyCount "83"]
[EventDate "2002.02.04"]
[EventType "swiss"]
[EventRounds "9"]
[EventCountry "RUS"]
[SourceTitle "CBM 088"]
[Source "ChessBase"]
[SourceDate "2002.03.21"]
[SourceVersion "1"]
[SourceVersionDate "2002.03.21"]
[SourceQuality "1"]

1. d4 d6 2. g3 Nf6 3. Bg2 g6 4. e4 Bg7 5. Ne2 O-O 6. O-O Nbd7 7. a4 {White
temporary avoids to play Nbc3.} (7. Bg5 h6 8. Be3 (8. Bd2 c5 9. c3 Rb8 10. f4
b5 11. e5 Ne8 12. Na3 Bb7 13. Qc2 Bxg2 14. Kxg2 Qb6 15. Qe4 $132 {1/2-1/2 Mori,
P-De Pinto Paiva,J/Belo Horizonte 1966/EXT 2001 (47)}) 8... e5 9. d5 Ng4 10.
Bd2 f5 11. exf5 gxf5 12. h3 Ngf6 13. c4 a5 14. Qc1 Kh7 15. Qc2 Nc5 16. Nbc3 Kh8
17. Kh2 Bd7 $132 {0-1 Jekerian,S-Aryanejad,H/Moscow 1994/CBM 44 ext (45)}) (7.
Kh1 e5 8. c3 c6 9. Na3 d5 10. exd5 Nxd5 11. Nc4 exd4 12. Nxd4 N7b6 $11 {
1-0 Garcia Fernandez,J-Villar del Llano,M/Infiesto 1996/EXT 2001 (59)}) (7. Nd2
c5 8. c3 Rb8 9. a4 b6 10. Re1 Bb7 11. h3 Qc7 12. Kh2 a6 13. f4 e5 14. fxe5 dxe5
15. d5 c4 $132 {0-1 Balin,J-Hadraba,V/Klatovy 1999/EXT 2000 (47)}) (7. Re1 c5
8. c3 Rb8 9. a4 b6 10. c4 a6 11. Nbc3 Ne8 12. Bg5 h6 13. Be3 Nc7 14. Qd2 Kh7
15. Rad1 Bb7 16. b3 $14 {1-0 Slobodjan,R-Larsen,K/Hamburg 1999/EXT 2001 (60)})
7... Rb8 ({Worth of attention} 7... e5 8. d5 (8. a5 exd4 9. Nxd4 Nc5 10. Nc3
Bg4 11. f3 Bd7 12. b3 Ne6 13. Bb2 Nxd4 14. Qxd4 Bc6 15. Qd2 a6 $132 {1/2-1/2
Fridjonsson,J-Solmundarson,M/ISL-ch 1973/EXT 98 (26)}) 8... a5 (8... Nc5 9. b4
Na6 (9... Ncxe4 $2 10. f3 $16 {[%csl Re4]}) 10. c3 c5 11. b5 Nc7 12. Nd2 $14 {
[%cal Gd2c4]}) 9. c4 Nc5 10. Nbc3 $11 {[%csl Rb4]}) 8. h3 (8. Nd2 c5 9. d5 b6
10. Nc3 a6 11. Qe2 Ne8 12. Nc4 Nc7 13. Bg5 f6 14. Bd2 $14 {0-1 Herbrechtsmeier,
C-Feustel,B/Germany 1983/GER-chT (36)}) 8... c5 9. d5 a6 ({Why not} 9... b6 {
[%cal Ga7a6,Gb6b5] and then a7-a6 and b6-b5.}) 10. a5 $5 b5 11. axb6 Nxb6 12.
Nbc3 a5 13. g4 ({In case of} 13. b3 {with the idea to stop Pa further promotion
} {Black can reply} a4 $1 14. bxa4 (14. Nxa4 Nxe4 15. Bb2 Bxb2 16. Nxb2 Nf6 $11
) 14... Nc4 $44 {[%cal Gd8a5,Gc8a6]}) 13... a4 14. Ng3 Nfd7 15. Ra2 Ra8 {
Position is equal, the game enter into manoeuvres stage.} 16. Nb1 Ne5 17. Re1
e6 18. Nd2 (18. f4 Nec4 19. dxe6 fxe6 20. g5 Bb7 $132) 18... exd5 19. exd5 Bb7
20. Ndf1 Re8 21. Ne3 Nec4 22. Nxc4 Rxe1+ 23. Qxe1 Nxc4 24. Qe4 Nb6 {[%csl Rd5]
[%cal Gb7d5,Gb6d5]} 25. c4 Qd7 ({Or} 25... Ba6 26. Bf1 Bd4 27. Qc2 $11) 26. Qc2
Ba6 27. Bf1 Rb8 28. Ra3 Bd4 29. Rf3 Qe7 ({Black can play also} 29... Re8 30. b3
axb3 31. Qxb3 Qc7 $11) 30. Kg2 Bc8 31. Ne2 Be5 (31... Bg7 32. Re3 Qd8 33. Ng3
Bd7 $132) 32. Re3 Ba6 $6 {Right place for this B is d7.} (32... Qh4 $6 33. f4
Bg7 34. Re8+ Bf8 35. Ng1 Qf6 36. Nf3 h5 37. Ng5 {[%csl Rf8][%cal Ge8f8]} Qg7
38. Bd2 hxg4 39. hxg4 $14) ({Black could equalize by} 32... Qd8 $1 33. Ng3 Bd7
$11) 33. Ng3 Qd8 34. Ne4 Bd4 $2 $16 ({Right was} 34... Bc8 35. Rf3 f5 $1 $132)
35. Rf3 {[%csl Rf6][%cal Gc1g5,Ge4f6]} f6 (35... Bc8 36. Bg5 (36. Bf4 $2 f5 $1)
36... Qc7 (36... Qf8 37. Bf6 Be5 38. Bxe5 dxe5 39. g5 $16) 37. Bf6 $16) 36. Bf4
{[%csl Rd6]} Nxd5 $2 $18 {Loses quickly.} ({More stubborn was} 36... Be5 37.
Bxe5 fxe5 38. Rf6 Nc8 39. Qxa4 Rb6 40. g5 $18) ({or} 36... Nc8 37. Qxa4 Rb6 38.
Rb3 $16) 37. cxd5 Rxb2 38. Qxa4 Bb7 (38... Bxf1+ 39. Kxf1 $18) 39. Bxd6 Rb4 (
39... Bxd5 40. Bc4 $18) 40. Qd1 Bxd5 41. Bxc5 Bxc5 (41... Bxe4 42. Bxb4 $18)
42. Qxd5+ 1-0

[Event "Alushta"]
[Site "Alushta"]
[Date "1999.03.08"]
[Round "6"]
[White "Khomyakov, Vladimir"]
[Black "Rogovski, Vladimir"]
[Result "0-1"]
[WhiteElo "2380"]
[BlackElo "2455"]
[Annotator "Tsesarsky,I"]
[PlyCount "68"]
[EventDate "1999.03.03"]
[EventType "tourn"]
[EventRounds "11"]
[EventCountry "UKR"]
[EventCategory "10"]
[SourceTitle "CBM 070"]
[Source "ChessBase"]
[SourceDate "1999.06.08"]
[SourceVersion "1"]
[SourceVersionDate "1999.06.08"]
[SourceQuality "1"]

{[%mdl 16416]} 1. d4 d6 2. e4 g6 3. Bg5 Bg7 4. c3 h6 5. Bh4 Nf6 (5... Nc6 6.
Nd2 g5 7. Bg3 e5 8. d5 Nce7 9. c4 f5 10. exf5 Bxf5 11. Ne2 Ng6 12. Nc3 Nf6 13.
f3 O-O 14. Nde4 Nxe4 15. Nxe4 Nf4 16. Qd2 $11 {1/2-1/2 Schmidt,B-Nauch,W/BL2W
1988 (45)}) (5... g5 6. Bg3 e6 7. h4 Ne7 8. hxg5 hxg5 9. Rxh8+ Bxh8 10. Qh5 Ng6
11. Nf3 Bf6 12. Nbd2 Nd7 13. O-O-O Ndf8 14. e5 $1 $18 {1-0 Ermenkov,E-Merinsky,
U/Schwaebisch Gmuend ,EXT 1990 (18)}) 6. Nd2 (6. Bd3 O-O 7. Nf3 Nc6 8. d5 Ne5
9. Nxe5 dxe5 10. c4 (10. Bxf6 Bxf6 11. O-O Qd6 12. Na3 a5 13. Qf3 Qc5 14. Nc4 {
1/2-1/2 Ponce,J-De la Rocha,R/ESP chT ,EXT 1990 (14)}) 10... e6 11. Nc3 exd5
12. cxd5 $14) 6... e5 (6... g5 7. Bg3 Nc6 8. Bb5 (8. Bd3 h5 9. h4 g4 10. Ne2
O-O 11. Bf4 e5 12. Bg5 d5 13. dxe5 Nxe5 14. Bc2 dxe4 15. Nxe4 Qxd1+ 16. Rxd1
Nxe4 17. Bxe4 $11 {1-0 Cifuentes Parada,R-Now/AEGON 1995 (39)}) 8... a6 9. Ba4
b5 10. Bc2 e5 11. d5 Ne7 12. f3 c6 13. dxc6 Nxc6 14. Ne2 Be6 15. Bf2 O-O 16.
Ng3 Rc8 17. O-O d5 $11 (17... Qd7 18. Nb3 a5 $11 {1/2-1/2 Bronstein,
D-Christiansen,L/Tallinn 1979 (41)})) 7. dxe5 (7. Ngf3 Qe7 8. Bd3 O-O 9. O-O
Nbd7 10. Re1 Rd8 11. Bf1 Nf8 12. Qc2 Bg4 13. h3 Bxf3 14. Nxf3 g5 15. Bg3 Ng6
16. dxe5 dxe5 17. Nd2 g4 (17... Nh5 $11) 18. hxg4 Nxg4 19. Be2 $14 {1/2-1/2
Cifuentes Parada,R-Ftacnik,L/Dubai olm 1986 (41)}) 7... dxe5 8. Ngf3 Qe7 (8...
Nbd7 9. Be2 (9. Bc4 O-O 10. O-O Qe8 11. b4 Nh5 12. Nb3 Kh8 13. Nfd2 f5 14. f3 (
14. exf5 gxf5 15. Re1 Qg6 $132) 14... Ndf6 15. Qc2 b6 $132 {0-1 Olesen,
M-Ivanov,A/Chicago op2 ,EXT 1994 (28)} (15... b5 16. Bd3 Nf4 $11)) 9... O-O 10.
O-O Qe8 11. Re1 Nh5 12. Bf1 Bf6 13. Bxf6 Nhxf6 $11 {1/2-1/2 Danailov,S-Roa,S/
Alcobendas 1994 (52)}) (8... O-O 9. Nxe5 Re8 10. Bxf6 Qxf6 11. Nef3 Nd7 12. Be2
Nc5 13. Qc2 Qe7 14. O-O-O $14 {1/2-1/2 Pugachev,A-Hodgson Julian M/Leeuwarden
1994 (60)}) 9. Bc4 O-O 10. O-O b6 $11 (10... a5 11. Re1 Nbd7 12. Bf1 Re8 13.
Nc4 Qc5 14. Qd2 a4 15. Rad1 b5 16. Na3 c6 17. Nc2 Bb7 18. c4 $132 {1-0
Olafsson,H-Cramling,P/Reykjavik 1984 (75)}) 11. b4 (11. a4 Bb7 $132) 11... Bb7
12. Qc2 Nbd7 13. Rfe1 Rfd8 14. Bb3 (14. Bf1 g5 15. Bg3 Nh5 $11) 14... a5 15. a3
$5 (15. b5 $1 Nc5 16. Bd5 $1 Bxd5 17. exd5 Rxd5 18. c4 Rd6 19. Nxe5 Re6 20.
Ndf3 Re8 21. Re2 g5 22. Bg3 Nh5 23. Rae1 Nxg3 24. hxg3 f6 (24... Bxe5 25. Nxe5
Kg7 26. Re3 $11) 25. Nc6 Qf7 $11) 15... b5 16. c4 (16. Rad1 c5 $15) 16... axb4
17. cxb5 (17. axb4 bxc4 18. Qxc4 $11) 17... bxa3 18. Qxc7 Rdb8 19. Rab1 $2 $17
(19. Nc4 Qc5 (19... g5 20. Ncxe5 gxh4 21. Bxf7+ Kh7 22. Bg6+ Kh8 23. Nf7+ Kg8
24. Nd6 Ng4 25. Rad1 a2 26. Bf7+ Kh8 27. Bxa2 Rxa2 28. Nxb7 Nge5 29. Nxe5 Bxe5
30. Rxd7 Bxc7 31. Rxe7 Rxb7 32. g3 $11) 20. b6 $132) (19. Bxf6 Bxf6 20. Nc4 Nc5
21. Qxe7 Bxe7 22. Bc2 a2 23. Nfxe5 Bf6 24. f4 $44) 19... g5 $1 20. Bg3 Ne8 21.
Qc2 Nd6 22. Ba2 (22. Bd5 g4 23. Nh4 Bxd5 24. exd5 Ra5 $17) 22... Rc8 23. Qd1 (
23. Qb3 Nc5 $19) 23... Nc5 24. Re3 $2 $19 (24. Bd5 $17) 24... Ncxe4 25. Nxe4
Bxe4 26. Rb4 Bxf3 (26... Bc2 $19) 27. gxf3 Nf5 28. Ree4 Rd8 29. Qe1 Qb7 30. b6
Rd6 31. Rxe5 Bxe5 32. Qxe5 Qxf3 33. Rb1 Rad8 34. Re1 Nxg3 0-1

[Event "Montreal-A 5th"]
[Site "Montreal"]
[Date "2004.08.12"]
[Round "8"]
[White "Tyomkin, Dimitri"]
[Black "Lagno, Kateryna"]
[Result "1-0"]
[WhiteElo "2498"]
[BlackElo "2472"]
[Annotator "Tyomkin,D"]
[PlyCount "51"]
[EventDate "2004.08.04"]
[EventType "tourn"]
[EventRounds "11"]
[EventCountry "CAN"]
[EventCategory "12"]
[SourceTitle "CBM 103"]
[Source "ChessBase"]
[SourceDate "2004.11.11"]
[SourceVersion "1"]
[SourceVersionDate "2004.11.11"]
[SourceQuality "1"]

1. e4 d6 2. d4 g6 3. Nc3 Bg7 4. f4 a6 5. Nf3 b5 6. Be3 (6. Bd3 Bb7 7. e5 $1)
6... Bb7 7. Bd3 Nd7 (7... b4 $5 {Erenburg} 8. Ne2 Nf6 9. e5 (9. Ng3 {Erenburg}
Nbd7 (9... h5 {Erenburg} 10. Ng5 h4 11. Nf1 d5 12. e5 Ne4 13. Nxe4 dxe4 14. Bc4
$16) 10. Qd2 c5 $132) 9... Nd5 10. Bd2 (10. Bf2 {Erenburg} Bh6 11. Qd2 Nd7 $132
{[%cal Gc7c5]}) 10... c5 11. c4 bxc3 12. bxc3 cxd4 13. cxd4 O-O 14. O-O $13 {
Svidler,P-Beliavsky,A/Dortmund 1998/CBM 66/ (33)}) ({In case of} 7... Nf6 {
Erenburg white gets good prospects after} 8. e5 Nd5 9. Nxd5 Bxd5 10. Qe2 $36 {
[%csl Ge5,Rg7][%cal Ga2a4,Gh2h4,Gh4h5]}) 8. e5 (8. O-O {Erenburg} c5 9. Kh1 c4
10. Be2 b4 11. Na4 Bxe4 12. Bxc4 Ngf6 13. a3 Rc8 14. Bb3 bxa3 15. Rxa3 O-O $11
{Hertneck,G-Bilek,I/Kecskemet 1990/CBM 20/[King] (40)}) 8... e6 (8... Nh6 $6
$146 {Erenburg In my opinion, black had to play more decisively, attacking
white's centre immediately with} 9. Qe2 e6 {Black doesn't hurry to castle
short, but saves all the options.} (9... O-O {Erenburg} 10. O-O-O Ng4 11. Be4
$14) 10. O-O-O Nb6 (10... O-O {Erenburg was quite dangerous:} 11. h4 $36) 11.
Rhg1 {1-0 Antal,G-Vajda,L/Nagykanizsa 2003/CBM 99/[Erenburg] (45) preparing
g2-g4.}) (8... c5 {(Erenburg) See commented game 1-0 Morozevich,A-Chatalbashev,
B/Plovdiv 2003/CBM 98/[Erenburg] (51)}) (8... Nb6 {Erenburg} 9. O-O e6 10. a4
b4 11. Ne4 Ne7 12. Bf2 Bxe4 13. Bxe4 Nbd5 14. a5 $1 $14 Nxf4 15. Bxa8 Qxa8 16.
Bg3 $16 {Tiviakov,S-Azmaiparashvili,Z/Groningen 1994/CBM 45}) 9. Be4 {This
logical move is actually very rare choice of white!!} (9. Ne4 {Oratovsky,M} Nb6
10. O-O Ne7 11. Qe1 (11. Qe2 {Finkel,A} Nf5 12. Bf2 Nd5 13. Qd2 ({White could
win a pawn after} 13. Bxb5+ $6 {Finkel,A} axb5 $1 14. Qxb5+ Qd7 15. Qxb7 O-O
16. Qb3 Rfb8 $44 {[%csl Rb2,Rf4] but it seems that black has more than
sufficient compensation for it.}) 13... h5 $5 14. Neg5 Qd7 15. Rae1 Nde7 16.
Ne4 {1/2-1/2 Beshukov,S-Korotylev,A/Moscow 2002/CBM 88/[Finkel,A] (55)} (16. b3
$5 $14 {Finkel,A} Bxf3 17. Nxf3 d5 18. g3 $14 {[%cal Gg1g2,Gh2h3,Gg3g4]}))
11... Nf5 12. Bd2 h5 13. b3 {[%cal Gc2c4]} Bxe4 $1 14. Bxe4 d5 15. Bd3 Bf8 {
[%cal Gc7c5]} 16. b4 Be7 $15 {0-1 Chandler,P-Khalifman,A/Bad Wiessee 1997/CBM
61 ext (45)}) (9. a4 {Oratovsky,M} b4 (9... bxa4 {Oratovsky,M} 10. O-O Ne7 11.
Qe2 Qb8 12. Rxa4 c5 13. Bxa6 Bxf3 14. Qxf3 cxd4 15. Bxd4 O-O $132 {[%csl Re5]
0-1 Polgar,J-Gausel,E/Haifa 1989/EU-chT (31)}) 10. Ne4 Nb6 11. Bd2 a5 (11...
Nd5 {Oratovsky,M} 12. c4 bxc3 13. bxc3 $14 {[%cal Ga1b1]}) 12. Bb5+ $14 {
1/2-1/2 Morozevich,A-Azmaiparashvili,Z/Bugojno 1999/CBM 74/[Oratovsky,M] (41)
now black forced to lose a castle.}) 9... Bxe4 10. Nxe4 Nb6 $146 (10... d5 11.
Nf2 h5 12. Nd3 Ne7 13. Qe2 Nf5 14. Bf2 $14 {1/2-1/2 Brustkern,J-Gipslis,A/
Germany 1999/EXT 2000 (25)}) (10... Ne7 $5 11. Bf2 (11. exd6 Nf5 12. dxc7 Qxc7
$44) 11... Qb8 12. Qe2 Nd5 13. g3 Bf8 14. O-O Be7 15. c3 O-O 16. b3 $14 {
1-0 Hansen,S-Hoi,C/Horsens 2003/CBM 95 (46)}) 11. Qe2 {White follows the
original plan, which is queenside castle and then a pawn storm on the kingside;
} Ne7 12. O-O-O $14 Ned5 13. Kb1 Qd7 {Black intends to castle to the queenside;
In case of 0-0 white ctarts direct attack on a black king';} 14. Bc1 O-O-O 15.
g4 Kb7 $6 {Very doubtful choice for the position of black king, also it's just
a waste time;} 16. h4 h5 17. gxh5 {White needs open files over the kingside;}
Rxh5 18. Nfg5 Rdh8 {Overlooking simple tactics;} (18... Nc4 19. b3 Ncb6 20. c4
$16) 19. exd6 Na4 (19... cxd6 {[%tqu "En","","","","g5f7","",5]} 20. Nxf7 $18)
20. c4 $1 {Not giving black any break!} (20. dxc7 Ka7 $1 {and black gets some
counterplay over the queenside;} (20... Qxc7 21. Nxf7)) 20... bxc4 21. Qxc4 {
[%cal Yc4a4,Gg5f7]} Ndb6 $2 {21...f6 would force white to find 2 tactical
blows for keeping the advantage;} ({the most resistant was:} 21... f6 22. Nf7
$1 {Only way to keep the advantage;} Rf8 23. dxc7 $1 $18 {and again precise
move is needed!} (23. Qxa4 Qxa4 24. Nc5+ Kc6 25. Nxa4 Rxf7 $132) 23... Rxf7
$140 24. c8=Q+) 22. Qxc7+ {Now the task is simple- white simply takes
everything one by one!} Qxc7 23. dxc7 Nd5 (23... Kxc7 24. b3 $18) 24. Nxf7 Rg8
25. Nd8+ Kxc7 26. Nxe6+ {White has 3 extra pawns- good reason for black to
resign;} 1-0